[Event "GER-ch Net blitz qual2"]
[Site "Playchess.com INT"]
[Date "2020.03.16"]
[Round "8"]
[White "Heiligtag, Matthias"]
[Black "Sondermann, Dirk"]
[Result "1-0"]
[WhiteElo "1451"]
[BlackElo "1875"]
[PlyCount "41"]
[EventDate "2020.03.16"]
[EventType "swiss (blitz)"]
[EventRounds "9"]
[EventCountry "GER"]
[SourceTitle "CBM 195 Extra"]
[Source "ChessBase"]
[SourceDate "2020.05.31"]
[SourceVersion "1"]
[SourceVersionDate "2020.05.31"]
[SourceQuality "1"]

1. e4 e6 2. c4 d5 3. exd5 exd5 4. d4 Nf6 5. Nc3 Nc6 6. Nf3 Be7 7. Bg5 0-0 8. Bxf6 Bxf6 9. cxd5 Nb4 10. Bc4 Re8+ 11. Be2 Bf5 12. 0-0 Nxd5 13. Bc4 Nb6 14. Bb3 a5 15. a4 c6 16. Re1 Qc7 17. Rxe8+ Rxe8 18. Qd2 Bg4 19. Re1 Rd8 20. Qe3 Bxf3 21. Qe8+ 1-0

[Event "GER-ch Net blitz qual2"]
[Site "Playchess.com INT"]
[Date "2020.03.16"]
[Round "2"]
[White "Michel, Steffen"]
[Black "Sondermann, Dirk"]
[Result "1-0"]
[WhiteElo "2148"]
[BlackElo "1875"]
[PlyCount "67"]
[EventDate "2020.03.16"]
[EventType "swiss (blitz)"]
[EventRounds "9"]
[EventCountry "GER"]
[SourceTitle "CBM 195 Extra"]
[Source "ChessBase"]
[SourceDate "2020.05.31"]
[SourceVersion "1"]
[SourceVersionDate "2020.05.31"]
[SourceQuality "1"]

1. d4 f5 2. Nc3 Nf6 3. Bg5 Ne4 4. Nxe4 fxe4 5. e3 g6 6. Ne2 d5 7. h4 h6 8. Bf4 Bg7 9. c4 c6 10. Nc3 Qa5 11. Qd2 e6 12. Nxe4 Qxd2+ 13. Nxd2 Nd7 14. cxd5 exd5 15. Bd3 Kf7 16. b4 a5 17. b5 Nf6 18. 0-0 Nh5 19. Bh2 c5 20. Rac1 c4 21. Be2 Bd7 22. a4 Rae8 23. Bf3 Nf6 24. Be5 Be6 25. g3 Nd7 26. Bxg7 Kxg7 27. e4 Nb6 28. exd5 Bh3 29. Rfd1 Rhf8 30. Be4 Nxa4 31. Rxc4 Nb2 32. Rc7+ Rf7 33. Rxf7+ Kxf7 34. Rb1 1-0

[Event "GER-ch Net blitz qual2"]
[Site "Playchess.com INT"]
[Date "2020.03.16"]
[Round "6"]
[White "Sondermann, Dirk"]
[Black "Moeller, Hendrik"]
[Result "0-1"]
[WhiteElo "1875"]
[BlackElo "2278"]
[PlyCount "66"]
[EventDate "2020.03.16"]
[EventType "swiss (blitz)"]
[EventRounds "9"]
[EventCountry "GER"]
[SourceTitle "CBM 195 Extra"]
[Source "ChessBase"]
[SourceDate "2020.05.31"]
[SourceVersion "1"]
[SourceVersionDate "2020.05.31"]
[SourceQuality "1"]

1. d4 d5 2. Nf3 c5 3. e3 Nf6 4. b3 Nc6 5. Nbd2 Bg4 6. dxc5 e5 7. Be2 Bxc5 8. Bb2 Bd6 9. 0-0 0-0 10. h3 Be6 11. Bb5 Nd7 12. e4 d4 13. Bc4 Qe7 14. Bxe6 Qxe6 15. Nc4 Bc5 16. a3 b5 17. Ncd2 Rfd8 18. Qe2 a6 19. Nh4 Bf8 20. Nf5 g6 21. Ng3 Rac8 22. Rfc1 Nc5 23. Qf3 Bh6 24. Ngf1 f5 25. exf5 gxf5 26. Qh5 e4 27. Re1 Qg6 28. Qe2 Ne5 29. Qd1 Ne6 30. c4 dxc3 31. Bxc3 Rxc3 32. Rc1 Rxh3 33. Rc6 Nxc6 0-1

[Event "Dortmund Sparkassen op 47th"]
[Site "Dortmund"]
[Date "2019.07.17"]
[Round "5"]
[White "Sondermann, Dirk"]
[Black "Rempel, Patrick"]
[Result "0-1"]
[WhiteElo "1865"]
[BlackElo "2119"]
[PlyCount "68"]
[EventDate "2019.07.13"]
[EventType "swiss"]
[EventRounds "9"]
[EventCountry "GER"]
[SourceTitle "EXT 2020"]
[Source "ChessBase"]
[SourceDate "2019.10.17"]
[SourceVersion "1"]
[SourceVersionDate "2019.10.17"]
[SourceQuality "1"]

1. d4 Nf6 2. c4 g6 3. Nc3 Bg7 4. e4 d6 5. Nf3 0-0 6. Be2 Na6 7. 0-0 e5 8. d5 Nc5 9. Qc2 a5 10. Nd2 Bh6 11. Nb3 Bxc1 12. Raxc1 Nfd7 13. Nd2 f5 14. a3 a4 15. Rcd1 Rf7 16. exf5 gxf5 17. Nf3 Nf8 18. Ne1 Bd7 19. Nd3 Nb3 20. f4 e4 21. Nc1 Nc5 22. Rde1 Rg7 23. Bd1 Qf6 24. Qf2 Re8 25. Qe3 Kh8 26. Kh1 Ng6 27. g3 Ne7 28. Bc2 Ng8 29. N1e2 Nh6 30. Qd4 Qg6 31. Nb5 Bxb5 32. cxb5 Ra8 33. Nc3 Ng4 34. Nd1 Nxh2 0-1